Zisky a ztráty

Historický vývoj liberalizácie obchodu a globalizácie trhu. Vysvetlenie pojmu globalizácia. Nadnárodné koncerny, investície. Porovnanie obratu 10 najväčších nadnárodných koncernov s HDP Afriky, rozpočtom EÚ a rozpočtom OSN. Finančné trhy: denný obrat, menové rezervy Nemeckej spolkovej banky. Denný o...

Descripción completa

Guardado en:
Detalles Bibliográficos
Autor principal: Němec, P.
Formato: Capítulo de libro
Lenguaje:checo
Materias:
Etiquetas: Agregar Etiqueta
Sin Etiquetas, Sea el primero en etiquetar este registro!

MARC

LEADER 00000naa a2200000 4500
001 r026137
005 20230920093630.8
041 0 |a cze 
044 |a CZ 
245 1 0 |a Zisky a ztráty  |c P. Němec 
520 |a Historický vývoj liberalizácie obchodu a globalizácie trhu. Vysvetlenie pojmu globalizácia. Nadnárodné koncerny, investície. Porovnanie obratu 10 najväčších nadnárodných koncernov s HDP Afriky, rozpočtom EÚ a rozpočtom OSN. Finančné trhy: denný obrat, menové rezervy Nemeckej spolkovej banky. Denný obrat vo svetovom obchode. Rozširovanie svetového trhu. Riziká globalizácie. Spolupráca organizácií EÚ-APEC, CEFTA-ASEAN. Odbúravanie obchodných bariér v rozvojových a prahových ekonomikách. 
610 2 0 |a globalizácia hospodárstva 
610 2 0 |a liberalizácia 
610 2 0 |a obchod medzinárodný 
610 2 0 |a spoločnosti nadnárodné 
610 2 0 |a spolupráca medzinárodná 
610 2 0 |a Európska únia 
610 2 0 |a APEC 
610 2 0 |a CEFTA 
610 2 0 |a ASEAN 
610 2 0 |a bariéry obchodu zahraničného 
100 1 |a Němec, P.